000 00703nam a2200289Ia 4500
005 20260324150907.0
008 008 260324s9999 xx 000 0 eng d
020 _a9781003583639
037 _aEBOOK
040 _aCRL
040 _beng
040 _cCRL
041 _2eng
041 _aeng
084 _qCRL
100 _aFloyd Dell
_91227999
245 0 _aLove in the Machine Age
245 2 _bA Psychological Study of the Transition from Patriarchal Society
260 _bTaylor and Francis
260 _c1930
365 _a
365 _b180
856 _uhttp://www.taylorfrancis.com/books/9781003583639
942 _cEBOOK
999 _c1838228
_d1838228